An Introduction to the mechanics of solids / (Record no. 544849)
[ view plain ]
| 000 -LEADER | |
|---|---|
| fixed length control field | 00923cam a2200229 i 4500 |
| 020 ## - INTERNATIONAL STANDARD BOOK NUMBER | |
| International Standard Book Number | 0070134413 |
| 082 00 - DEWEY DECIMAL CLASSIFICATION NUMBER | |
| Classification number | 620.105 |
| Author Mark | ARC |
| -- | L-N, P-27 |
| 245 03 - TITLE STATEMENT | |
| Title | An Introduction to the mechanics of solids / |
| Statement of responsibility, etc. | Robert R. Archer ... [et al.] ; first ed. edited by Stephen H. Crandall and Norman C. Dahl, second ed. edited by Thomas J. Lardner. |
| 250 ## - EDITION STATEMENT | |
| Edition statement | 2d ed., with SI units / |
| 260 ## - PUBLICATION, DISTRIBUTION, ETC. | |
| Place of publication, distribution, etc. | New York : |
| Name of publisher, distributor, etc. | McGraw-Hill, |
| Date of publication, distribution, etc. | c1978. |
| 300 ## - PHYSICAL DESCRIPTION | |
| Extent | xii, 628 p. : |
| Other physical details | ill. ; |
| Dimensions | 25 cm. |
| 500 ## - GENERAL NOTE | |
| General note | Includes index. |
| 500 ## - GENERAL NOTE | |
| General note | Previous editions entered under: Massachusetts Institute of Technology, Dept. of Mechanical Engineering. |
| 526 ## - STUDY PROGRAM INFORMATION NOTE | |
| Program name | 0 |
| Interest level | 1 |
| Reading level | 0 |
| Title point value | 620_105000000000000_ARC |
| 650 #0 - SUBJECT ADDED ENTRY--TOPICAL TERM | |
| Topical term or geographic name entry element | MCE |
| 9 (RLIN) | 379 |
| 650 #0 - SUBJECT ADDED ENTRY--TOPICAL TERM | |
| Topical term or geographic name entry element | Mechanics, Applied. |
| 9 (RLIN) | 13090 |
| 650 #0 - SUBJECT ADDED ENTRY--TOPICAL TERM | |
| Topical term or geographic name entry element | Solids. |
| 9 (RLIN) | 34504 |
| 700 1# - ADDED ENTRY--PERSONAL NAME | |
| Personal name | Archer, Robert R. |
| 9 (RLIN) | 40596 |
| 700 1# - ADDED ENTRY--PERSONAL NAME | |
| Personal name | Lardner, Thomas J. |
| 9 (RLIN) | 40597 |
| 710 2# - ADDED ENTRY--CORPORATE NAME | |
| Corporate name or jurisdiction name as entry element | Massachusetts Institute of Technology. |
| 9 (RLIN) | 37766 |
| 942 ## - ADDED ENTRY ELEMENTS (KOHA) | |
| Source of classification or shelving scheme | |
| Koha item type | Book |
| Withdrawn status | Lost status | Source of classification or shelving scheme | Damaged status | Not for loan | Permanent Location | Current Location | Date acquired | Total Checkouts | Full call number | Barcode | Date last seen | Date last checked out | Price effective from | Koha item type |
|---|---|---|---|---|---|---|---|---|---|---|---|---|---|---|
| Military College of Engineering (MCE) | Military College of Engineering (MCE) | 05/12/2014 | 3 | 620.105 ARC | MCE-44254 | 09/15/2017 | 09/15/2017 | 05/12/2014 | Book |
